POWER SEMICONDUCTORS WITH 439 FIGURES (Record no. 579705)

000 -LEADER
fixed length control field 00292nam a22001217a 4500
020 ## - INTERNATIONAL STANDARD BOOK NUMBER
International Standard Book Number 3-540-12569-8
082 ## - DEWEY DECIMAL CLASSIFICATION NUMBER
Classification number 621.38152 KUB'P
100 ## - MAIN ENTRY--PERSONAL NAME
Personal name KUBAT, M
9 (RLIN) 74136
245 ## - TITLE STATEMENT
Title POWER SEMICONDUCTORS WITH 439 FIGURES
260 ## - PUBLICATION, DISTRIBUTION, ETC.
Place of publication, distribution, etc. NEWYORK
Name of publisher, distributor, etc. SPRINGER VERLAG
Date of publication, distribution, etc. 1989
300 ## - PHYSICAL DESCRIPTION
Extent 507P
942 ## - ADDED ENTRY ELEMENTS (KOHA)
Koha item type Book
Holdings
Withdrawn status Lost status Damaged status Not for loan Permanent Location Current Location Shelving location Date acquired Total Checkouts Full call number Barcode Date last seen Price effective from Koha item type
        College of Electrical & Mechanical Engineering (CEME) College of Electrical & Mechanical Engineering (CEME) General Stacks 05/02/2017   621.38152 KUB'P CEME-15633 06/28/2021 06/28/2021 Book
© 2023 Central Library, National University of Sciences and Technology. All Rights Reserved.